000 00309nam a22001337a 4500
008 170421b xxu||||| |||| 00| 0 eng d
020 _a9780123736628
041 _aeng
080 _a573
100 _a11
101 _aSHM
245 _aCURRENT TOPICS IN DEVELOPMENT BIOLOGY
_cJOHN.C.ST
942 _2udc
_cBK
999 _c11515
_d11515